000 00688nam a2200193 a 4500
005 20140412111316.0
008 001214s19uu xx 00 eng d
020 _a0-679-80500-1
050 _aER
_bBi592 1990
100 _aSchumacher, Claire
245 _aA Big chair for little bear. /
_cby Claire Schumacher.
260 _aNew York :
_bRandom House,
_c1990.
300 _a1 v. (unp.) ; ill.
440 _aA Random House Pictureback)
520 _aLittle Bear, tired of always having the little chair, the little bowl, and the little bed, insists on trying out the big items his father usually uses.
650 _aBears -- Fiction
650 _aSize -- Fiction
999 _c104234
_d104234